书目信息 |
| 题名: |
农村经济变革的系统考察
|
|
| 作者: | ;中国农村发展问题研究组 编 | |
| 分册: | ||
| 出版信息: | 北京 中国社会科学出版社 1984.12 |
|
| 页数: | 298页 | |
| 开本: | 19cm | |
| 丛书名: | ||
| 单 册: | ||
| 中图分类: | F320.2 | |
| 科图分类: | ||
| 主题词: | 农业经济--中国 | |
| 电子资源: | ||
| ISBN: | ||
| 000 | 00642nam0 2200205 45 | |
| 001 | 0309090820 | |
| 005 | 20031219104113.7 | |
| 010 | @dCNY1.45 | |
| 091 | @a4190.223 | |
| 100 | @a20030909d1984 km y0chiy0120 ea | |
| 101 | 0 | @achi |
| 105 | @a z 000yy | |
| 200 | 1 | @a农村经济变革的系统考察@ANong Cun Jing Ji Bian Ge De Xi Tong Kao Cha@f中国农村发展问题研究组编@FZhong Guo Nong Cun Fa Zhan Wen Ti Yan Jiu Zu Bian |
| 210 | @a北京@c中国社会科学出版社@d1984.12 | |
| 215 | @a298页@d19cm | |
| 606 | 0 | @a农业经济@x中国 |
| 690 | @aF320.2@v3 | |
| 711 | 02 | @a中国农村发展问题研究组@4编 |
| 801 | @aCN@bTSTC@c20030909 | |
| 905 | @b228457@dF320.2@e20@f1 | |
| 农村经济变革的系统考察/中国农村发展问题研究组编.-北京:中国社会科学出版社,1984.12 |
| 298页;19cm |
| ISBN :CNY1.45 |
| ● |
| 相关链接 |
|
|
|
|
正题名:农村经济变革的系统考察
索取号:F320.2/20
 
预约/预借
| 序号 | 登录号 | 条形码 | 馆藏地/架位号 | 状态 | 备注 |
| 1 | 0228457 | 001831511 | 密集书库/ [索取号:F320.2/20] | 在馆 | |
| 2 | 0228458 | 001829873 | 密集书库/ [索取号:F320.2/20] | 在馆 | |
| 3 | 0228459 | 001829917 | 密集书库/ [索取号:F320.2/20] | 在馆 |